000 00577nam a2200241 a 4500
001 nice12345678
003 IN_TiNIC
005 20260116011535.0
008 050524s1955 newa grp 000 0 eng
020 _a
_c100
082 0 0 _a269.2
_bBRY
100 _aBryan, Dawson C
245 _aWorkable Plan of Evangelism.
260 _aNew York
_bAbingdon Press
_c1955
300 _a160p
500 _aincludes index and biblioraphy
505 2 _aAppendix
650 _aEvangelistic Work
700 1 _aBryan, Dawson C
902 _bRBA
942 _cBK
999 _c2459
_d2459